Vietnam or Thailand - Statistics

General Stats
  • This quiz has been taken 399 times
  • The average score is 10 of 15
Answer Stats
Question Answer % Correct
Where was the bánh mì sandwich invented? Vietnam
96%
Which has more wild elephants? Thailand
95%
Which has a higher percentage of Buddhists? Thailand
92%
Which receives more tourists? Thailand
86%
Which has more land area? Thailand
85%
Which is a monarchy? Thailand
76%
Which has a more populous capital city? Thailand
70%
Which has a higher GDP? Thailand
68%
Which is more forested (by percentage of land forested)? Vietnam
54%
Which has a lower poverty rate? Thailand
53%
Which has more people? Vietnam
47%
Which has a higher percent of people living in urban areas? Thailand
46%
Which has won more football matches (between the two nations)? Vietnam
38%
Which is further south? Vietnam
36%
Which has the tallest building between the two nations? Vietnam
34%
No matching quizzes found
Score Distribution
Percent of People with Each Score
Percentile by Number Answered
Your Score History
You have not taken this quiz